00572nam a2200193Ia 4500003000400000005001700004008004100021040000700062041000800069082001500077100002500092245001400117260007100131300000900202650002000211942001300231999001900244952011500263OSt20260326124138.0250729s2010 xx 000 0 und d cAL akan a530.7 RAMU aH.S.Rama Rao9230553 aAnveshane aMangalorebKriya samshodhane mattu nuthana avishkara Vibhagac2010 a164p aScience9230554 2ddccBED c238839d238839 00104070aALbALd2025-07-29eManagement Booksl0o530.7 RAMUpBED04158r2025-07-29 16:57:02w2025-07-29yBK